[Event "Hoogeveen Open 2016"]
[Site "Hoogeveen"]
[Date "2016.10.19"]
[Round "6.2"]
[White "Gupta, Abhijeet"]
[Black "De Jong, Migchiel"]
[Result "1-0"]
[BlackElo "2330"]
[WhiteElo "2626"]
[LiveChessVersion "1.4.8"]

1. d4 {[%clk 1:30:46]} e6 {[%clk 1:30:10]} 2. c4 {[%clk 1:30:59]} Bb4+
{[%clk 1:30:32]} 3. Nd2 {[%clk 1:30:53]} c5 {[%clk 1:28:13]} 4. a3
{[%clk 1:31:00]} Bxd2+ {[%clk 1:28:28]} 5. Qxd2 {[%clk 1:31:26]} cxd4
{[%clk 1:28:47]} 6. Nf3 {[%clk 1:31:51]} Nf6 {[%clk 1:28:54]} 7. Nxd4
{[%clk 1:28:48]} O-O {[%clk 1:28:45]} 8. e3 {[%clk 1:28:53]} d5 {[%clk 1:27:49]}
9. cxd5 {[%clk 1:24:57]} Qxd5 {[%clk 1:27:33]} 10. Nb5 {[%clk 1:24:58]} Nc6
{[%clk 1:25:37]} 11. Qxd5 {[%clk 1:14:49]} exd5 {[%clk 1:21:58]} 12. Bd3
{[%clk 1:14:39]} a6 {[%clk 1:21:11]} 13. Nc3 {[%clk 1:11:45]} d4 {[%clk 1:19:23]}
14. exd4 {[%clk 1:11:58]} Nxd4 {[%clk 1:18:53]} 15. Be3 {[%clk 1:12:01]} Nb3
{[%clk 1:15:57]} 16. Rd1 {[%clk 1:12:06]} Be6 {[%clk 1:14:57]} 17. f3
{[%clk 1:11:16]} Nd7 {[%clk 1:11:39]} 18. Ne4 {[%clk 1:09:20]} Ne5
{[%clk 1:11:22]} 19. Be2 {[%clk 0:43:14]} Rfd8 {[%clk 1:05:07]} 20. Kf2
{[%clk 0:40:35]} Bc4 {[%clk 0:58:42]} 21. Nd6 {[%clk 0:35:23]} Bxe2
{[%clk 0:57:49]} 22. Kxe2 {[%clk 0:35:49]} b5 {[%clk 0:57:44]} 23. f4
{[%clk 0:32:51]} Nc6 {[%clk 0:52:13]} 24. Kf2 {[%clk 0:24:06]} Ncd4
{[%clk 0:50:19]} 25. Bxd4 {[%clk 0:23:42]} Rxd6 {[%clk 0:50:42]} 26. Bc3
{[%clk 0:23:27]} Rad8 {[%clk 0:50:54]} 27. Rxd6 {[%clk 0:23:51]} Rxd6
{[%clk 0:51:18]} 28. Re1 {[%clk 0:24:19]} f6 {[%clk 0:50:52]} 29. Re7
{[%clk 0:23:49]} h5 {[%clk 0:50:35]} 30. Ke3 {[%clk 0:23:45]} Nc5
{[%clk 0:48:07]} 31. g3 {[%clk 0:19:44]} Rd3+ {[%clk 0:47:50]} 32. Ke2
{[%clk 0:19:56]} Rd7 {[%clk 0:47:43]} 33. Rxd7 {[%clk 0:18:20]} Nxd7
{[%clk 0:48:08]} 34. Ke3 {[%clk 0:18:43]} Kf7 {[%clk 0:48:17]} 35. f5
{[%clk 0:18:05]} g6 {[%clk 0:46:20]} 36. Ke4 {[%clk 0:17:32]} Nc5+
{[%clk 0:44:33]} 37. Kd5 {[%clk 0:17:47]} Nd3 {[%clk 0:44:27]} 38. fxg6+
{[%clk 0:17:29]} Kxg6 {[%clk 0:44:51]} 39. Kc6 {[%clk 0:14:51]} h4
{[%clk 0:44:28]} 40. gxh4 {[%clk 0:14:30]} f5 {[%clk 0:44:47]} 41. Kd5
{[%clk 0:14:41]} Kh5 {[%clk 0:44:19]} 42. Kd4 {[%clk 0:15:02]} Nf4
{[%clk 0:43:46]} 43. Bd2 {[%clk 0:11:10]} Ng6 {[%clk 0:43:11]} 44. Bg5
{[%clk 0:05:56]} Nxh4 {[%clk 0:39:28]} 45. Bxh4 {[%clk 0:02:35]} Kxh4
{[%clk 0:39:57]} 46. Ke3 {[%clk 0:28:20]} Kg4 {[%clk 1:09:53]} 47. b4
{[%clk 0:28:18]} 1-0

[Event "Hoogeveen Open 2016"]
[Site "Hoogeveen"]
[Date "2016.10.19"]
[Round "6.3"]
[White "Karavade, Eesha"]
[Black "Beerdsen, Thomas"]
[Result "1-0"]
[BlackElo "2404"]
[WhiteElo "2421"]
[LiveChessVersion "1.4.8"]

1. Nf3 {[%clk 1:30:55]} Nf6 {[%clk 1:27:12]} 2. c4 {[%clk 1:30:31]} e6
{[%clk 1:26:26]} 3. g3 {[%clk 1:30:26]} Be7 {[%clk 1:26:09]} 4. Bg2
{[%clk 1:30:17]} O-O {[%clk 1:26:31]} 5. O-O {[%clk 1:29:46]} d5 {[%clk 1:26:49]}
6. b3 {[%clk 1:29:32]} c5 {[%clk 1:25:53]} 7. Bb2 {[%clk 1:29:26]} Nc6
{[%clk 1:25:17]} 8. e3 {[%clk 1:29:27]} b6 {[%clk 1:25:09]} 9. Nc3
{[%clk 1:28:51]} Bb7 {[%clk 1:24:34]} 10. cxd5 {[%clk 1:28:44]} Nxd5
{[%clk 1:22:31]} 11. Nxd5 {[%clk 1:26:37]} exd5 {[%clk 1:21:33]} 12. d4
{[%clk 1:25:31]} Bf6 {[%clk 1:13:47]} 13. Re1 {[%clk 1:09:47]} b5
{[%clk 1:10:33]} 14. Rb1 {[%clk 1:00:44]} Qe7 {[%clk 1:01:08]} 15. dxc5
{[%clk 0:58:29]} Bxb2 {[%clk 1:01:33]} 16. Rxb2 {[%clk 0:58:55]} Qxc5
{[%clk 1:01:57]} 17. Rd2 {[%clk 0:50:46]} Rfd8 {[%clk 0:48:25]} 18. Nd4
{[%clk 0:51:09]} Ne7 {[%clk 0:45:46]} 19. Rc2 {[%clk 0:45:44]} Qb6
{[%clk 0:45:11]} 20. Qd3 {[%clk 0:45:08]} b4 {[%clk 0:43:36]} 21. Rec1
{[%clk 0:44:17]} Ba6 {[%clk 0:27:42]} 22. Qd2 {[%clk 0:44:40]} Rac8
{[%clk 0:27:32]} 23. Bh3 {[%clk 0:44:25]} Rxc2 {[%clk 0:26:45]} 24. Qxc2
{[%clk 0:42:53]} h6 {[%clk 0:21:02]} 25. Qc7 {[%clk 0:41:47]} Kf8
{[%clk 0:20:32]} 26. Qxb6 {[%clk 0:36:07]} axb6 {[%clk 0:20:57]} 27. Rc7
{[%clk 0:36:23]} Ra8 {[%clk 0:17:08]} 28. Nc2 {[%clk 0:35:52]} Bd3
{[%clk 0:10:49]} 29. Nxb4 {[%clk 0:35:50]} Bb1 {[%clk 0:11:16]} 30. a4
{[%clk 0:28:41]} Rd8 {[%clk 0:09:29]} 31. Rb7 {[%clk 0:27:54]} g6
{[%clk 0:09:16]} 32. Rxb6 {[%clk 0:27:04]} d4 {[%clk 0:09:43]} 33. exd4
{[%clk 0:26:38]} Rxd4 {[%clk 0:10:10]} 34. Bf1 {[%clk 0:26:37]} Be4
{[%clk 0:07:40]} 35. Be2 {[%clk 0:22:23]} Rd2 {[%clk 0:07:28]} 36. Kf1
{[%clk 0:21:45]} Rb2 {[%clk 0:05:52]} 37. f3 {[%clk 0:20:29]} Bf5
{[%clk 0:06:20]} 38. Bc4 {[%clk 0:20:17]} Be6 {[%clk 0:04:57]} 39. Bxe6
{[%clk 0:17:28]} fxe6 {[%clk 0:05:18]} 40. Nd3 {[%clk 0:17:10]} Rb1+
{[%clk 0:02:22]} 41. Ke2 {[%clk 0:16:31]} Nd5 {[%clk 0:01:20]} 42. Rb7
{[%clk 0:15:43]} Ke8 {[%clk 0:28:29]} 43. Nc5 {[%clk 0:44:50]} Kd8
{[%clk 0:27:10]} 44. a5 {[%clk 0:43:02]} Ra1 {[%clk 0:26:55]} 45. a6
{[%clk 0:42:59]} 1-0

[Event "Hoogeveen Open 2016"]
[Site "Hoogeveen"]
[Date "2016.10.19"]
[Round "6.4"]
[White "Van Osch, Mees"]
[Black "Sandipan, Chanda"]
[Result "0-1"]
[BlackElo "2593"]
[WhiteElo "2288"]
[LiveChessVersion "1.4.8"]

1. e4 {[%clk 1:30:56]} d5 {[%clk 1:30:29]} 2. exd5 {[%clk 1:31:03]} Qxd5
{[%clk 1:30:52]} 3. Nf3 {[%clk 1:31:30]} Bg4 {[%clk 1:31:01]} 4. Be2
{[%clk 1:31:54]} Nc6 {[%clk 1:31:23]} 5. d4 {[%clk 1:32:01]} O-O-O
{[%clk 1:31:02]} 6. c4 {[%clk 1:31:58]} Qf5 {[%clk 1:30:57]} 7. Be3
{[%clk 1:32:16]} Bxf3 {[%clk 1:28:47]} 8. Bxf3 {[%clk 1:32:38]} Nxd4
{[%clk 1:29:00]} 9. Bg4 {[%clk 1:32:48]} Nc2+ {[%clk 1:29:15]} 10. Qxc2
{[%clk 1:33:13]} Qxg4 {[%clk 1:29:40]} 11. O-O {[%clk 1:33:39]} e6
{[%clk 1:23:56]} 12. Nd2 {[%clk 1:32:17]} Nf6 {[%clk 1:20:12]} 13. Qa4
{[%clk 1:25:01]} Qh5 {[%clk 0:52:46]} 14. Qxa7 {[%clk 1:10:34]} Ng4
{[%clk 0:50:03]} 15. Nf3 {[%clk 1:10:14]} Nxe3 {[%clk 0:49:28]} 16. fxe3
{[%clk 1:09:17]} c6 {[%clk 0:43:28]} 17. Rad1 {[%clk 0:52:49]} Be7
{[%clk 0:43:23]} 18. Nd4 {[%clk 0:28:37]} Qc5 {[%clk 0:34:39]} 19. Qa8+
{[%clk 0:26:23]} Kc7 {[%clk 0:34:08]} 20. Qa4 {[%clk 0:26:47]} e5
{[%clk 0:27:26]} 21. Nf5 {[%clk 0:23:41]} Bf6 {[%clk 0:26:35]} 22. Kh1
{[%clk 0:20:33]} Rxd1 {[%clk 0:20:58]} 23. Rxd1 {[%clk 0:19:04]} e4
{[%clk 0:20:22]} 24. Nd6 {[%clk 0:16:32]} Rd8 {[%clk 0:20:15]} 25. Nxe4
{[%clk 0:16:15]} Qb4 {[%clk 0:19:23]} 26. Qc2 {[%clk 0:13:55]} Qxb2
{[%clk 0:13:34]} 27. Qb1 {[%clk 0:14:17]} Qxa2 {[%clk 0:11:36]} 28. Nxf6
{[%clk 0:11:06]} gxf6 {[%clk 0:11:39]} 29. h3 {[%clk 0:09:46]} Rxd1+
{[%clk 0:11:48]} 30. Qxd1 {[%clk 0:10:10]} Qxc4 {[%clk 0:12:14]} 31. Qa1
{[%clk 0:08:14]} b5 {[%clk 0:08:27]} 32. Qa7+ {[%clk 0:06:40]} Kd6
{[%clk 0:08:40]} 33. Qb8+ {[%clk 0:06:55]} Kd5 {[%clk 0:09:04]} 34. Qe8
{[%clk 0:07:01]} b4 {[%clk 0:02:48]} 35. Qxf7+ {[%clk 0:05:44]} Kc5
{[%clk 0:03:17]} 36. Qa7+ {[%clk 0:05:23]} Kb5 {[%clk 0:03:42]} 37. Qb7+
{[%clk 0:05:45]} Ka4 {[%clk 0:03:50]} 38. Qa7+ {[%clk 0:06:12]} Kb3
{[%clk 0:04:14]} 39. Qxh7 {[%clk 0:06:37]} Kb2 {[%clk 0:03:26]} 40. h4
{[%clk 0:05:08]} b3 {[%clk 0:03:33]} 41. h5 {[%clk 0:05:33]} Kc1 {[%clk 0:02:53]}
42. Qa7 {[%clk 0:04:47]} b2 {[%clk 0:03:08]} 43. Qa3 {[%clk 0:05:01]} Kc2
{[%clk 0:03:29]} 0-1

[Event "Hoogeveen Open 2016"]
[Site "Hoogeveen"]
[Date "2016.10.19"]
[Round "6.5"]
[White "Mijnheer, Peter"]
[Black "Nitin, S."]
[Result "0-1"]
[BlackElo "2410"]
[WhiteElo "2137"]
[LiveChessVersion "1.4.8"]

1. e4 {[%clk 1:30:30]} c5 {[%clk 1:30:30]} 2. Nf3 {[%clk 1:30:39]} d6
{[%clk 1:30:53]} 3. d4 {[%clk 1:30:59]} cxd4 {[%clk 1:31:16]} 4. Nxd4
{[%clk 1:31:25]} Nf6 {[%clk 1:31:39]} 5. Nc3 {[%clk 1:31:43]} a6 {[%clk 1:32:04]}
6. Be2 {[%clk 1:31:50]} e5 {[%clk 1:32:21]} 7. Nb3 {[%clk 1:32:05]} Be7
{[%clk 1:32:44]} 8. Be3 {[%clk 1:31:03]} Be6 {[%clk 1:32:25]} 9. O-O
{[%clk 1:31:23]} O-O {[%clk 1:32:51]} 10. Qd3 {[%clk 1:30:49]} Nbd7
{[%clk 1:30:10]} 11. Nd5 {[%clk 1:27:11]} Bxd5 {[%clk 1:27:15]} 12. exd5
{[%clk 1:27:37]} Ne8 {[%clk 1:27:37]} 13. Bg4 {[%clk 1:17:14]} Nef6
{[%clk 1:18:03]} 14. Be2 {[%clk 1:04:09]} Rc8 {[%clk 1:17:38]} 15. c4
{[%clk 1:02:38]} Ne8 {[%clk 1:17:23]} 16. Qd2 {[%clk 0:33:45]} b6
{[%clk 1:12:29]} 17. c5 {[%clk 0:29:00]} dxc5 {[%clk 1:11:00]} 18. Bxa6
{[%clk 0:28:42]} Ra8 {[%clk 1:10:42]} 19. Bb5 {[%clk 0:18:52]} Nd6
{[%clk 1:10:22]} 20. Qe2 {[%clk 0:17:49]} Nf5 {[%clk 1:02:27]} 21. Nd2
{[%clk 0:13:04]} Nf6 {[%clk 1:02:19]} 22. Bc6 {[%clk 0:12:11]} Ra7
{[%clk 1:01:17]} 23. Nc4 {[%clk 0:12:09]} Nxd5 {[%clk 0:56:58]} 24. Bxd5
{[%clk 0:05:44]} Qxd5 {[%clk 0:57:23]} 25. Nxb6 {[%clk 0:06:11]} Qe6
{[%clk 0:57:37]} 26. Nc4 {[%clk 0:06:21]} e4 {[%clk 0:58:01]} 27. Rfd1
{[%clk 0:06:09]} Nh4 {[%clk 0:53:47]} 28. Bf4 {[%clk 0:05:40]} f5
{[%clk 0:53:37]} 29. Bd6 {[%clk 0:04:31]} f4 {[%clk 0:52:33]} 30. Qh5
{[%clk 0:03:51]} Nf5 {[%clk 0:43:38]} 31. Bxe7 {[%clk 0:02:48]} Rxe7
{[%clk 0:44:06]} 32. b3 {[%clk 0:02:53]} e3 {[%clk 0:35:51]} 33. Re1
{[%clk 0:02:25]} Qe4 {[%clk 0:35:36]} 34. Rad1 {[%clk 0:02:16]} g6
{[%clk 0:32:42]} 35. Qg4 {[%clk 0:02:23]} exf2+ {[%clk 0:31:30]} 36. Kxf2
{[%clk 0:02:50]} Ne3 {[%clk 0:31:54]} 37. Qf3 {[%clk 0:02:04]} Nxd1+
{[%clk 0:31:03]} 38. Qxd1 {[%clk 0:02:33]} Qxe1+ {[%clk 0:31:22]} 0-1

[Event "Hoogeveen Open 2016"]
[Site "Hoogeveen"]
[Date "2016.10.19"]
[Round "6.6"]
[White "Van Foreest, Lucas"]
[Black "Colijn, Stefan"]
[Result "1/2-1/2"]
[BlackElo "2293"]
[WhiteElo "2350"]
[LiveChessVersion "1.4.8"]

1. e4 {[%clk 1:30:51]} d6 {[%clk 1:30:43]} 2. d4 {[%clk 1:31:08]} Nf6
{[%clk 1:31:07]} 3. Nc3 {[%clk 1:31:34]} c6 {[%clk 1:31:33]} 4. f4
{[%clk 1:30:34]} Qa5 {[%clk 1:31:55]} 5. e5 {[%clk 1:30:54]} Ne4 {[%clk 1:32:19]}
6. Bd2 {[%clk 1:31:20]} Nxd2 {[%clk 1:32:05]} 7. Qxd2 {[%clk 1:31:48]} d5
{[%clk 1:30:01]} 8. Nf3 {[%clk 1:31:37]} e6 {[%clk 1:18:17]} 9. Be2
{[%clk 1:29:29]} Bb4 {[%clk 1:04:40]} 10. O-O {[%clk 1:29:48]} c5
{[%clk 1:03:05]} 11. a3 {[%clk 1:20:13]} Bxc3 {[%clk 1:01:16]} 12. bxc3
{[%clk 1:20:12]} Nc6 {[%clk 1:00:34]} 13. Qe3 {[%clk 1:18:25]} c4
{[%clk 1:00:28]} 14. Nd2 {[%clk 1:15:54]} Qa4 {[%clk 0:54:39]} 15. Ra2
{[%clk 1:14:48]} Bd7 {[%clk 0:54:39]} 16. Qg3 {[%clk 1:14:17]} g6
{[%clk 0:45:52]} 17. Qg5 {[%clk 1:13:17]} Qa5 {[%clk 0:44:54]} 18. Nb1
{[%clk 1:00:17]} b5 {[%clk 0:38:13]} 19. Qf6 {[%clk 1:00:24]} Rg8
{[%clk 0:38:28]} 20. Qh4 {[%clk 1:00:17]} h5 {[%clk 0:38:34]} 21. Qg3
{[%clk 0:59:59]} O-O-O {[%clk 0:35:02]} 22. Qe3 {[%clk 0:52:40]} 1/2-1/2

[Event "Hoogeveen Open 2016"]
[Site "Hoogeveen"]
[Date "2016.10.19"]
[Round "6.7"]
[White "Debashis, Das"]
[Black "Buckels, Valentin"]
[Result "1-0"]
[BlackElo "2273"]
[WhiteElo "2478"]
[LiveChessVersion "1.4.8"]

1. d4 {[%clk 1:29:44]} Nf6 {[%clk 1:30:53]} 2. c4 {[%clk 1:30:10]} e6
{[%clk 1:31:19]} 3. Nc3 {[%clk 1:30:04]} Bb4 {[%clk 1:31:46]} 4. Qc2
{[%clk 1:29:55]} Nc6 {[%clk 1:31:54]} 5. Nf3 {[%clk 1:30:19]} d6 {[%clk 1:32:18]}
6. Bd2 {[%clk 1:30:26]} O-O {[%clk 1:31:21]} 7. a3 {[%clk 1:30:36]} Bxc3
{[%clk 1:31:37]} 8. Bxc3 {[%clk 1:31:04]} Qe7 {[%clk 1:31:01]} 9. e3
{[%clk 1:31:21]} e5 {[%clk 1:30:44]} 10. d5 {[%clk 1:28:53]} Nb8 {[%clk 1:29:37]}
11. Nd2 {[%clk 1:25:18]} a5 {[%clk 1:21:23]} 12. Be2 {[%clk 1:22:24]} c6
{[%clk 1:15:18]} 13. e4 {[%clk 1:19:02]} cxd5 {[%clk 1:11:29]} 14. cxd5
{[%clk 1:19:21]} b6 {[%clk 1:10:40]} 15. O-O {[%clk 1:09:45]} Ba6
{[%clk 1:05:07]} 16. Bxa6 {[%clk 1:07:32]} Nxa6 {[%clk 0:55:14]} 17. Nc4
{[%clk 1:07:50]} Qc7 {[%clk 0:51:35]} 18. Ne3 {[%clk 0:59:18]} Nc5
{[%clk 0:44:11]} 19. f3 {[%clk 0:59:03]} b5 {[%clk 0:40:10]} 20. Be1
{[%clk 0:53:28]} Rfc8 {[%clk 0:33:30]} 21. Bh4 {[%clk 0:50:22]} Ncd7
{[%clk 0:30:06]} 22. Qxc7 {[%clk 0:40:51]} Rxc7 {[%clk 0:30:26]} 23. Nf5
{[%clk 0:41:13]} Ne8 {[%clk 0:05:58]} 24. Rac1 {[%clk 0:40:51]} Rxc1
{[%clk 0:05:07]} 25. Rxc1 {[%clk 0:41:16]} g6 {[%clk 0:05:13]} 26. Ne7+
{[%clk 0:34:39]} Kg7 {[%clk 0:05:01]} 27. Bf2 {[%clk 0:22:54]} Kf8
{[%clk 0:04:09]} 28. Nc6 {[%clk 0:18:19]} f6 {[%clk 0:02:25]} 29. Kf1
{[%clk 0:18:22]} Rc8 {[%clk 0:01:29]} 30. Rc3 {[%clk 0:18:26]} a4
{[%clk 0:01:13]} 31. Nxe5 {[%clk 0:06:31]} Rxc3 {[%clk 0:01:31]} 32. Nxd7+
{[%clk 0:07:00]} Ke7 {[%clk 0:01:54]} 33. bxc3 {[%clk 0:07:25]} Kxd7
{[%clk 0:02:22]} 34. Bd4 {[%clk 0:06:12]} Ke7 {[%clk 0:01:38]} 35. Bb6
{[%clk 0:05:17]} h5 {[%clk 0:01:20]} 36. Ke2 {[%clk 0:05:34]} f5 {[%clk 0:01:07]}
37. exf5 {[%clk 0:03:09]} gxf5 {[%clk 0:00:35]} 38. Kd3 {[%clk 0:03:12]} Nf6
{[%clk 0:00:35]} 39. c4 {[%clk 0:03:31]} Nd7 {[%clk 0:00:35]} 40. Bd4
{[%clk 0:03:31]} Ne5+ {[%clk 0:00:35]} 41. Bxe5 {[%clk 0:03:31]} bxc4+
{[%clk 0:00:35]} 42. Kxc4 {[%clk 0:03:31]} dxe5 {[%clk 0:00:35]} 43. Kc5
{[%clk 0:03:31]} h4 {[%clk 0:22:29]} 44. d6+ {[%clk 0:27:08]} Kd7
{[%clk 0:21:57]} 45. Kd5 {[%clk 0:27:32]} e4 {[%clk 0:21:49]} 46. fxe4
{[%clk 0:28:00]} fxe4 {[%clk 0:15:36]} 47. Kxe4 {[%clk 0:28:20]} Kxd6
{[%clk 0:16:01]} 48. g3 {[%clk 0:28:44]} h3 {[%clk 0:12:53]} 49. g4
{[%clk 0:28:43]} Ke6 {[%clk 0:12:54]} 50. Kf4 {[%clk 0:29:09]} Kd5
{[%clk 0:13:14]} 51. g5 {[%clk 0:29:17]} Kc4 {[%clk 0:13:02]} 52. g6
{[%clk 0:29:40]} Kb3 {[%clk 0:13:31]} 53. g7 {[%clk 0:30:04]} Kxa3
{[%clk 0:13:58]} 54. g8=Q {[%clk 0:30:29]} Kb2 {[%clk 0:14:08]} 55. Qh8+
{[%clk 0:30:53]} 1-0

[Event "Hoogeveen Open 2016"]
[Site "Hoogeveen"]
[Date "2016.10.19"]
[Round "6.8"]
[White "Grant, Jonathan I M"]
[Black "Rathnakaran, K."]
[Result "1/2-1/2"]
[BlackElo "2469"]
[WhiteElo "2223"]
[LiveChessVersion "1.4.8"]

1. c4 {[%clk 1:30:56]} Nf6 2. g3 {[%clk 1:31:13]} e5 {[%clk 1:30:48]} 3. Bg2
{[%clk 1:31:25]} Nc6 {[%clk 1:31:13]} 4. Nc3 {[%clk 1:31:27]} g6 5. e4 Bg7
{[%clk 1:31:35]} 6. Nge2 {[%clk 1:30:52]} O-O {[%clk 1:31:58]} 7. O-O
{[%clk 1:30:34]} d6 {[%clk 1:32:25]} 8. d3 {[%clk 1:30:33]} Be6 {[%clk 1:32:34]}
9. Nd5 {[%clk 1:30:24]} Qd7 {[%clk 1:32:24]} 10. Bh6 {[%clk 1:25:38]} Ne8
{[%clk 1:31:43]} 11. Bxg7 {[%clk 1:23:29]} Kxg7 {[%clk 1:32:08]} 12. d4
{[%clk 1:22:15]} Bh3 13. f4 {[%clk 1:17:17]} Bxg2 {[%clk 1:28:56]} 14. Kxg2
{[%clk 1:11:20]} exf4 {[%clk 1:24:09]} 15. Rxf4 {[%clk 1:05:05]} Nd8
{[%clk 1:19:39]} 16. Qd2 {[%clk 0:53:27]} c6 17. Ndc3 Ne6 {[%clk 1:16:01]} 18.
Rf2 {[%clk 0:49:32]} f6 {[%clk 1:13:37]} 19. h4 {[%clk 0:42:00]} N8c7
{[%clk 1:07:51]} 20. d5 {[%clk 0:34:19]} Nc5 {[%clk 1:07:27]} 21. b4
{[%clk 0:34:11]} N5a6 {[%clk 1:07:51]} 22. a3 {[%clk 0:24:09]} Rae8
{[%clk 1:06:53]} 23. dxc6 {[%clk 0:20:33]} bxc6 {[%clk 1:06:37]} 24. Rd1
{[%clk 0:20:24]} Rd8 {[%clk 1:05:21]} 25. c5 {[%clk 0:18:37]} Ne8
{[%clk 1:04:40]} 26. Nf4 {[%clk 0:15:35]} Nac7 {[%clk 1:01:53]} 27. cxd6
{[%clk 0:10:25]} Nxd6 {[%clk 0:54:44]} 28. e5 {[%clk 0:07:01]} fxe5
{[%clk 0:49:43]} 29. Nh5+ {[%clk 0:07:10]} gxh5 {[%clk 0:27:26]} 30. Qg5+
{[%clk 0:07:26]} Kh8 {[%clk 0:27:49]} 31. Qxe5+ {[%clk 0:06:39]} Qg7
{[%clk 0:25:11]} 32. Rxf8+ {[%clk 0:06:39]} Rxf8 {[%clk 0:25:35]} 33. Qxg7+
{[%clk 0:06:42]} Kxg7 {[%clk 0:26:00]} 34. Rxd6 {[%clk 0:07:07]} Rf6
{[%clk 0:26:17]} 35. Rd7+ {[%clk 0:04:58]} Rf7 {[%clk 0:26:41]} 36. Rd6
{[%clk 0:05:08]} Rf6 {[%clk 0:22:36]} 37. Rd7+ {[%clk 0:05:28]} Rf7
{[%clk 0:23:01]} 38. Rd6 {[%clk 0:05:30]} 1/2-1/2

[Event "Hoogeveen Open 2016"]
[Site "Hoogeveen"]
[Date "2016.10.19"]
[Round "6.9"]
[White "Ten Hertog, Hugo"]
[Black "Strating, Sybolt"]
[Result "1-0"]
[BlackElo "2276"]
[WhiteElo "2468"]
[LiveChessVersion "1.4.8"]

1. c4 {[%clk 1:30:56]} c6 {[%clk 1:30:47]} 2. g3 {[%clk 1:30:19]} d5
{[%clk 1:31:01]} 3. Bg2 {[%clk 1:30:47]} Nf6 {[%clk 1:31:03]} 4. Qc2
{[%clk 1:30:52]} g6 {[%clk 1:28:38]} 5. Nf3 {[%clk 1:31:09]} Bg7 {[%clk 1:28:49]}
6. O-O {[%clk 1:31:21]} O-O {[%clk 1:28:48]} 7. d3 {[%clk 1:31:18]} Re8
{[%clk 1:25:22]} 8. e4 {[%clk 1:21:32]} dxe4 {[%clk 1:16:46]} 9. dxe4
{[%clk 1:21:58]} Qc7 {[%clk 1:16:32]} 10. h3 {[%clk 1:21:00]} Nbd7
{[%clk 1:13:54]} 11. Nc3 {[%clk 1:20:52]} e5 {[%clk 1:10:28]} 12. Be3
{[%clk 1:21:10]} Bf8 {[%clk 1:06:45]} 13. a3 {[%clk 1:12:35]} a5 {[%clk 0:59:28]}
14. Nd2 {[%clk 1:01:09]} b6 {[%clk 0:54:08]} 15. Nb3 {[%clk 0:52:10]} a4
{[%clk 0:43:12]} 16. Nc1 {[%clk 0:49:10]} Qa7 {[%clk 0:42:18]} 17. Nd3
{[%clk 0:48:59]} Qa6 {[%clk 0:34:14]} 18. Ne2 {[%clk 0:25:35]} Nc5
{[%clk 0:22:29]} 19. Nb4 {[%clk 0:22:27]} Qb7 {[%clk 0:19:51]} 20. Rae1
{[%clk 0:18:36]} Nh5 {[%clk 0:16:33]} 21. Kh2 {[%clk 0:14:57]} Qc7
{[%clk 0:13:17]} 22. f4 {[%clk 0:11:12]} Nb3 {[%clk 0:08:38]} 23. fxe5
{[%clk 0:07:58]} Rxe5 {[%clk 0:07:43]} 24. Nf4 {[%clk 0:08:21]} Bd7
{[%clk 0:06:23]} 25. Qf2 {[%clk 0:06:54]} Be6 {[%clk 0:04:43]} 26. Bxb6
{[%clk 0:06:00]} Qb7 {[%clk 0:04:56]} 27. Nxe6 {[%clk 0:01:30]} Rxe6
{[%clk 0:04:57]} 28. e5 {[%clk 0:01:46]} Rae8 {[%clk 0:03:11]} 29. g4
{[%clk 0:01:35]} Nf6 {[%clk 0:01:05]} 30. Nxc6 {[%clk 0:00:36]} Rxc6
{[%clk 0:00:52]} 31. Bxc6 {[%clk 0:01:00]} Qxc6 {[%clk 0:01:11]} 32. Qxf6
{[%clk 0:01:19]} Qxc4 {[%clk 0:01:09]} 33. Rf4 {[%clk 0:00:55]} 1-0

[Event "Hoogeveen Open 2016"]
[Site "Hoogeveen"]
[Date "2016.10.19"]
[Round "6.10"]
[White "Bunyatov, Rustam"]
[Black "Romanishin, Oleg M"]
[Result "0-1"]
[BlackElo "2456"]
[WhiteElo "2249"]
[LiveChessVersion "1.4.8"]

1. e4 {[%clk 1:30:46]} e5 {[%clk 1:30:37]} 2. Nf3 {[%clk 1:31:09]} Nc6
{[%clk 1:31:00]} 3. Bc4 {[%clk 1:31:32]} Nf6 {[%clk 1:31:24]} 4. d3
{[%clk 1:31:51]} Be7 {[%clk 1:31:29]} 5. O-O {[%clk 1:31:29]} O-O
{[%clk 1:31:30]} 6. Re1 {[%clk 1:30:54]} d6 {[%clk 1:31:43]} 7. a4
{[%clk 1:27:56]} a5 {[%clk 1:32:07]} 8. c3 {[%clk 1:27:16]} Be6 {[%clk 1:30:13]}
9. Nbd2 {[%clk 1:24:28]} Nd7 {[%clk 1:14:25]} 10. Nf1 {[%clk 1:21:18]} Bxc4
{[%clk 1:07:11]} 11. dxc4 {[%clk 1:21:41]} Nc5 {[%clk 1:07:36]} 12. Ng3
{[%clk 1:20:17]} g6 {[%clk 1:04:51]} 13. Bh6 {[%clk 1:18:49]} Re8
{[%clk 1:05:14]} 14. Nd2 {[%clk 1:15:47]} Nd3 {[%clk 0:50:36]} 15. Re3
{[%clk 1:12:29]} Nf4 {[%clk 0:50:56]} 16. Qg4 {[%clk 1:07:49]} Qc8
{[%clk 0:39:24]} 17. Nf5 {[%clk 0:57:31]} Bf6 {[%clk 0:32:24]} 18. Bxf4
{[%clk 0:44:15]} exf4 {[%clk 0:32:09]} 19. Nh6+ {[%clk 0:42:46]} Kg7
{[%clk 0:28:53]} 20. Qxf4 {[%clk 0:41:58]} Re5 {[%clk 0:21:34]} 21. Nf3
{[%clk 0:29:37]} Rh5 {[%clk 0:16:39]} 22. Ng4 {[%clk 0:27:58]} Be7
{[%clk 0:13:21]} 23. h3 {[%clk 0:26:20]} Qe6 {[%clk 0:13:02]} 24. b3
{[%clk 0:25:42]} Ne5 {[%clk 0:12:59]} 25. Rd1 {[%clk 0:23:46]} Nxf3+
{[%clk 0:11:48]} 26. Qxf3 {[%clk 0:21:09]} c6 {[%clk 0:11:15]} 27. Qg3
{[%clk 0:17:57]} Rf8 {[%clk 0:07:18]} 28. f4 {[%clk 0:15:26]} Bh4
{[%clk 0:07:33]} 29. Qf3 {[%clk 0:14:32]} Bd8 {[%clk 0:07:17]} 30. Ree1
{[%clk 0:11:17]} Bb6+ {[%clk 0:07:38]} 31. Kh1 {[%clk 0:11:08]} Bc5
{[%clk 0:05:19]} 32. Ne3 {[%clk 0:10:57]} Re8 {[%clk 0:04:25]} 33. Nc2
{[%clk 0:09:12]} Qe7 {[%clk 0:03:09]} 34. Kh2 {[%clk 0:06:08]} Bb6
{[%clk 0:02:19]} 35. Nd4 {[%clk 0:04:36]} Rc5 {[%clk 0:02:16]} 36. g4
{[%clk 0:02:15]} Bc7 {[%clk 0:01:59]} 0-1